[Event "Chigorin Memorial"]
[Site "St Petersburg RUS"]
[Date "2012.10.30"]
[Round "4.158"]
[White "Kiseleva,A"]
[Black "Kholova,Elena"]
[Result "1-0"]
[WhiteElo "1939"]
[BlackElo "1736"]

1.Nf3 d5 2.g3 Nf6 3.Bg2 Bg4 4.O-O e6 5.c4 c6 6.d3 Be7 7.cxd5 cxd5 8.Qb3 Qc8
9.Bf4 Nc6 10.Nbd2 O-O 11.h3 e5 12.Bxe5 Nxe5 13.Nxe5 Bxh3 14.Kh2 Bxg2 15.Kxg2 Qe6
16.Nef3 a5 17.a4 Bb4 18.e3 Qa6 19.Rfd1 Rac8 20.Nd4 Rc7 21.Nb5 Rc5 22.Nf3 Rfc8
23.Nfd4 Ng4 24.Rh1 Qf6 25.Raf1 Bd2 26.Qd1 Bxe3 27.Qxg4 Bc1 28.Qf5 Qxf5 29.Nxf5  1-0

[Event "1st Loire Masters"]
[Site "Sautron FRA"]
[Date "2012.10.31"]
[Round "6.2"]
[White "Dumitrache,D"]
[Black "Ivanov,Jo"]
[Result "1-0"]
[WhiteElo "2452"]
[BlackElo "2374"]

1.Nf3 d5 2.g3 c6 3.Bg2 Bg4 4.O-O Nd7 5.d4 e6 6.Nbd2 Ngf6 7.Re1 Be7 8.e4 Nxe4
9.Nxe4 dxe4 10.Rxe4 Nf6 11.Re1 O-O 12.c3 Qb6 13.Qb3 Qxb3 14.axb3 Bxf3 15.Bxf3 Rfd8
16.b4 a6 17.Kg2 Rd7 18.h4 h5 19.Re5 Bd6 20.b5 cxb5 21.Rxb5 Rb8 22.Rb3 e5
23.dxe5 Bxe5 24.Be3 Ng4 25.Ba7 Ra8 26.Bb6 g6 27.Re1 Bg7 28.Bc5 Ne5 29.Rd1 Rxd1
30.Bxd1 Rd8 31.Bd4 Nc6 32.Rxb7 Nxd4 33.cxd4 Bxd4 34.Bb3 Rf8 35.Bc4 a5 36.b3 Kg7
37.f3 Bc3 38.Ra7 Be1 39.Kh3 Kf6 40.Rb7 Bb4 41.g4 hxg4+ 42.fxg4 Be1 43.g5+ Kg7
44.Kg4 Bd2 45.Ra7 Be1 46.Rd7 Bb4 47.h5 gxh5+ 48.Kxh5 Rh8+ 49.Kg4 Rh1 50.Rxf7+ Kg6
51.Rf6+ Kg7 52.Ra6 Rg1+ 53.Kf5 Be7 54.Ra7  1-0

[Event "Chigorin Memorial"]
[Site "St Petersburg RUS"]
[Date "2012.10.31"]
[Round "5.73"]
[White "Torlopov,N"]
[Black "Lugovskoy,M"]
[Result "1/2-1/2"]
[WhiteElo "2184"]
[BlackElo "2372"]

1.Nf3 d5 2.g3 g6 3.Bg2 Bg7 4.O-O e5 5.d3 Ne7 6.c4 c6 7.e4 O-O 8.Nc3 Na6 9.Rb1 Nc7
10.b4 Bg4 11.h3 Bxf3 12.Bxf3 dxc4 13.dxc4 Ne6 14.Ne2 Nd4 15.Nxd4 exd4 16.Rb3 Qd7
17.Bg2 f5 18.h4 fxe4 19.Bxe4 Rae8 20.Bg2 Nf5 21.Rd3 Qf7 22.Qc2 Re6 23.b5 Rfe8
24.Qa4 cxb5 25.Qxb5 Nd6 26.Qa4 Ne4 27.Bb2 Kh8 28.Bxd4 Bxd4 29.Rxd4 Nc3 30.Rd7 Nxa4
31.Rxf7 R6e7 32.Rxe7 Rxe7 33.Bf3 b6 34.Rd1 Kg7 35.g4 Rc7 36.Bd5 Nc3 37.Rd2 Kf6
38.Kg2 Ke5 39.Kf3 b5 40.Ke3 bxc4 41.f4+ Kf6 42.Bf3 Nb5 43.g5+ Kg7 44.h5 h6
45.gxh6+ Kxh6 46.Rh2 Re7+ 47.Kd2 g5 48.fxg5+ Kxg5 49.h6 Rd7+ 50.Kc1 Rh7 51.Rh5+ Kf4
52.Bd1 Nd4 53.Bc2 Kg4 54.Rc5 Nxc2 55.Rxc4+ Kf5 56.Kxc2 Rxh6 57.Kb3 Ke5 58.Kb4 Kd5
59.Rc7 Rh2 60.a4 Kd6 61.Rxa7 Kc6  1/2-1/2

[Event "Chigorin Memorial"]
[Site "St Petersburg RUS"]
[Date "2012.10.31"]
[Round "5.173"]
[White "Panov,Konstantin"]
[Black "Petrochenko,Maria"]
[Result "1/2-1/2"]
[WhiteElo "1607"]
[BlackElo "1716"]

1.Nf3 d5 2.g3 c5 3.Bg2 Nc6 4.O-O e5 5.d3 g6 6.c4 d4 7.Nbd2 Bg7 8.Nb3 Qd6
9.Re1 Nge7 10.e3 O-O 11.exd4 cxd4 12.a3 a5 13.c5 Qc7 14.Nbd2 Be6 15.Ng5 Bd5
16.Bxd5 Nxd5 17.Qb3 Nce7 18.Nc4 a4 19.Qb5 Nf5 20.Ne4 Qc6 21.Ned6 Nxd6 22.Nxd6 Qxb5
23.Nxb5 Ra5 24.Nd6 Rxc5 25.Nxb7 Rb5 26.Nd6 Rb3 27.Nc4 Rxd3 28.Nxe5 Bxe5 29.Rxe5 Rd1+
30.Kg2 Nf6 31.Re2 Rc8 32.Bg5 Rxa1 33.Bxf6 Rd1 34.Re4 d3 35.Rxa4 Rb1 36.Rd4 Rxb2
37.Rxd3 Rb6 38.Be5 f6 39.Bf4 g5 40.Be3 Ra6 41.Rb3 Rca8 42.Bc5 Ra5 43.Bb4 Rb5
44.Rc3 Kf7 45.Rc7+ Kg6 46.Rc6 g4 47.Bc3 Rf5 48.Rc4 h5 49.a4 Re8 50.Bb4 Re2
51.Bc5 Ra2 52.Bb6 Rd5 53.Rc1 Rxa4 54.Be3 Rd3 55.h3 Ra2 56.Re1 Rda3 57.hxg4 hxg4
58.Bc5 Ra5 59.Be3 Rh5 60.Rh1 Rxh1 61.Kxh1 Kf5 62.Kg2 Ke4 63.Bc5 Kd3 64.Be7 f5
65.Bg5 Ke2 66.Bf4 Ra3 67.Bc7 Rf3 68.Bb6  1/2-1/2

[Event "Chigorin Memorial"]
[Site "St Petersburg RUS"]
[Date "2012.10.31"]
[Round "5.35"]
[White "Yevseev,D"]
[Black "Tilicheev,V"]
[Result "1/2-1/2"]
[WhiteElo "2545"]
[BlackElo "2397"]

1.Nf3 d5 2.g3 Nf6 3.Bg2 e6 4.c4 c6 5.Qc2 dxc4 6.Qxc4 b5 7.Qc2 Bb7 8.O-O a6
9.Nc3 c5 10.a4 b4 11.Nd1 Nc6 12.Ne3 Be7 13.Nc4 O-O 14.b3 Nd5 15.Bb2 Nb6 16.d3 Nxc4
17.Qxc4 Na5 18.Qc2 Bxf3 19.Bxf3 Rc8 20.Rfd1 Bf6 21.Rac1 Bxb2 22.Qxb2 Qd6
23.e3 e5 24.Be2 Qd5 25.Rb1 Rfd8 26.Bf1 Qd6 27.Rbc1 Qd5 28.Rb1 Qd6 29.Rbc1 Qd5
30.Rb1 Qd6 31.Rbc1  1/2-1/2

[Event "16th OIBM 2012"]
[Site "Bad Wiessee GER"]
[Date "2012.11.01"]
[Round "6.26"]
[White "Belezky,A"]
[Black "Astengo,C"]
[Result "1-0"]
[WhiteElo "2417"]
[BlackElo "2119"]

1.Nf3 d5 2.g3 Nf6 3.Bg2 e6 4.d3 c5 5.O-O Nc6 6.Nbd2 Be7 7.e4 Qc7 8.Re1 b6
9.a3 Bb7 10.c3 dxe4 11.dxe4 e5 12.Nh4 O-O 13.Nf5 Rfd8 14.Qc2 Ba6 15.Bf1 Bxf1
16.Nxf1 h6 17.N1e3 Bf8 18.b4 g6 19.Nh4 cxb4 20.axb4 Rac8 21.Qb1 a5 22.b5 Nb8
23.Bb2 Qb7 24.c4 Qxe4 25.Nd5 Qxb1 26.Nxf6+ Kg7 27.Raxb1 Kxf6 28.Bxe5+ Kg5
29.Nf3+ Kh5 30.g4+ Kxg4 31.Re4+ Kf5 32.Rf4+ Ke6 33.Re1 Bb4 34.Re2 Rd1+ 35.Kg2  1-0

[Event "12th Sautron Open"]
[Site "Sautron FRA"]
[Date "2012.11.01"]
[Round "7.3"]
[White "Drasko,M"]
[Black "Zubarev,Al1"]
[Result "0-1"]
[WhiteElo "2471"]
[BlackElo "2583"]

1.Nf3 d5 2.g3 Nf6 3.Bg2 c6 4.O-O Bf5 5.b3 e6 6.Bb2 Be7 7.d3 h6 8.Nbd2 O-O
9.c4 a5 10.a3 Bh7 11.Qc2 Nbd7 12.Bc3 c5 13.e3 Qb8 14.e4 dxe4 15.dxe4 Rd8
16.Rfe1 Ng4 17.Qb2 Bf6 18.e5 Ndxe5 19.Nxe5 Nxe5 20.Bxe5 Bxe5 21.Qxe5 Rxd2
22.Qxc5 Qd8 23.Bf3 b6 24.Qe5 Rc8 25.Rac1 Qe7 26.a4 Qc5 27.Re3 Qxe5 28.Rxe5 Rd3
29.Kg2 Rxb3 30.c5 Kf8 31.c6 Ke7 32.Re2 Rc7 33.Rd2 e5 34.Rcd1 Bf5 35.Bd5 Rb4
36.Re1 f6 37.f4 Rb1 38.Rxb1 Bxb1 39.fxe5 fxe5 40.Rb2 Kd6 41.Rxb1 Kxd5 42.Rxb6 Rxc6
43.Rb7 g5 44.Kf3 Rc3+ 45.Kg4 e4 46.h4 gxh4 47.gxh4 Kd4 48.Rb6 Rc8 49.Rxh6 Rg8+
50.Kf4 Rf8+ 51.Kg3 e3 52.Rd6+ Kc3 53.Rc6+ Kd2 54.Rd6+ Ke1 55.Rd5 Ra8 56.Rf5 e2
57.h5 Re8  0-1

[Event "Chigorin Memorial"]
[Site "St Petersburg RUS"]
[Date "2012.11.01"]
[Round "6.9"]
[White "Rozum,I"]
[Black "Negi,P"]
[Result "1/2-1/2"]
[WhiteElo "2498"]
[BlackElo "2657"]

1.Nf3 d5 2.g3 Bg4 3.Bg2 c6 4.O-O Nd7 5.d3 e6 6.c4 Ngf6 7.cxd5 exd5 8.Qb3 a5
9.h3 Nc5 10.Qc2 Bh5 11.Nh4 Ne6 12.g4 Bg6 13.e3 Nd7 14.Nxg6 hxg6 15.f4 Bd6
16.d4 g5 17.f5 Nc7 18.e4 dxe4 19.Nc3 Be7 20.Nxe4 Nf6 21.Bxg5 Qxd4+ 22.Nf2 O-O-O
23.Qb3 Bd6 24.Rad1 Qe5 25.Rfe1 Qh2+ 26.Kf1 Ncd5 27.Bxf6 Nxf6 28.Qxf7 Bc5
29.Qe6+ Nd7 30.Re2 Rhe8 31.Qc4 Rxe2 32.Qxe2 Ne5 33.Rxd8+ Kxd8 34.Qd2+ Kc8
35.Qxa5 Bxf2 36.Kxf2 Nd3+ 37.Kf1 Qf4+ 38.Ke2 Qg3 39.Qa8+ Kc7 40.Qa5+ Kc8
41.Qa8+ Kc7 42.Qa5+ Kc8 43.Qa8+  1/2-1/2

[Event "7th Kavalier Open"]
[Site "Vienna AUT"]
[Date "2012.11.01"]
[Round "7.6"]
[White "Kassel,W"]
[Black "Heissenberger,A"]
[Result "1/2-1/2"]
[WhiteElo "1941"]
[BlackElo "2016"]

1.Nf3 d5 2.g3 Nf6 3.Bg2 e6 4.O-O Be7 5.b3 O-O 6.Bb2 Nbd7 7.c4 c6 8.d3 Qc7
9.Nbd2 Rd8 10.Rc1 Nf8 11.Qc2 Ng6 12.e4 dxe4 13.dxe4 e5 14.Rfe1 c5 15.Nf1 Ne8
16.Ne3 Be6 17.h4 f6 18.Nd5 Bxd5 19.exd5 Bd6 20.h5 Nf8 21.Nh4 Qf7 22.Be4 Qxh5
23.Kg2 Qf7 24.Rh1 g6  1/2-1/2

[Event "16th OIBM 2012"]
[Site "Bad Wiessee GER"]
[Date "2012.11.02"]
[Round "7.7"]
[White "Weber,U"]
[Black "Lupulescu,C"]
[Result "0-1"]
[WhiteElo "2420"]
[BlackElo "2613"]

1.Nf3 d5 2.g3 Bg4 3.Bg2 e6 4.d3 Nf6 5.O-O Be7 6.Nbd2 O-O 7.e4 c5 8.h3 Bh5
9.g4 Bg6 10.Ne5 dxe4 11.dxe4 Nfd7 12.Nec4 e5 13.a4 Nc6 14.c3 Re8 15.Qb3 Rb8
16.Rd1 b6 17.Ne3 Na5 18.Qb5 Qc8 19.Ndc4 Nxc4 20.Qxc4 Nf8 21.Nf5 Ne6 22.Bf1 Qc7
23.Be3 Bg5 24.Rd2 Red8 25.Rad1 Rxd2 26.Rxd2 Rd8 27.Qe2 Bxe3 28.Qxe3 Nf4 29.Kh2 f6
30.Bc4+ Bf7 31.Bxf7+ Kxf7 32.b3 Rd7 33.Ng3 Qd8 34.Rxd7+ Qxd7 35.Ne2 Ne6 36.Nc1 c4
37.Qe2 cxb3 38.Nxb3 Qxa4 39.Nd2 Nf4 40.Qf1 Qc6 41.Qa1 a5 42.Qa2+ Kf8 43.Qc2 Qd6
44.Nc4 Qd3 45.Qxd3 Nxd3 46.Kg3 a4 47.Kf3 b5 48.Na3 b4 49.cxb4 Nxb4 50.Ke2 Kf7
51.h4 Kg6 52.Kd2 h5 53.f3 Nc6 54.Kd3 Nd4 55.Ke3 Kh6 56.Kf2 g5 57.hxg5+ Kxg5
58.gxh5 Kxh5 59.Ke3 Ne6  0-1

[Event "TCh-AUT 2012-13"]
[Site "Hohenems AUT"]
[Date "2012.11.02"]
[Round "1.3"]
[White "Dizdar,G"]
[Black "Novkovic,Mi"]
[Result "1-0"]
[WhiteElo "2499"]
[BlackElo "2404"]

1.Nf3 d5 2.g3 Bg4 3.Bg2 c6 4.c4 e6 5.O-O Bd6 6.Qb3 Qb6 7.d4 Nd7 8.Nc3 Qxb3
9.axb3 Bc7 10.e4 dxe4 11.Nxe4 Ngf6 12.Nxf6+ Nxf6 13.Ne5 Bxe5 14.dxe5 Nd7
15.f4 O-O 16.Be3 a6 17.h3 Bf5 18.Rfd1 Rfd8 19.Rd6 Kf8 20.b4 Ke7 21.Rad1 Bc2
22.Rc1 Ba4 23.Rc3 f6 24.b3 Bxb3 25.Rxb3 fxe5 26.fxe5 Nxe5 27.Rxd8 Kxd8 28.Bd4 Nxc4
29.Rf3 Ke7 30.Bxg7 a5 31.Rf4 Ne3 32.Bd4 e5 33.Bxe5 Nxg2 34.Kxg2 axb4 35.Rxb4 Ke6
36.Bf4 b5 37.Rd4 Ra2+ 38.Kf3 Rc2 39.Rd6+ Kf7 40.Rd7+ Kg8 41.Ke4  1-0

[Event "TCh-AUT 2012-13"]
[Site "Hohenems AUT"]
[Date "2012.11.02"]
[Round "1.3"]
[White "Skoberne,J"]
[Black "Felsberger,A"]
[Result "1-0"]
[WhiteElo "2549"]
[BlackElo "2366"]

1.g3 d5 2.Nf3 c6 3.Bg2 Nf6 4.c4 e6 5.O-O Be7 6.b3 O-O 7.Bb2 b6 8.Nc3 Bb7
9.e3 Nbd7 10.d3 c5 11.Qe2 Rc8 12.Nh4 Re8 13.f4 a6 14.g4 Nxg4 15.Qxg4 Bxh4
16.Nxd5 g6 17.Ne7+ Bxe7 18.Bxb7 Rb8 19.Bxa6 Bf6 20.Qe2 Bxb2 21.Qxb2 e5 22.Qf2 Re7
23.Bb5 exf4 24.Qxf4 Rc8 25.d4 cxd4 26.exd4 Nf8 27.d5 Ra8 28.d6 Rea7 29.a4 Ne6
30.Qe5 Rc8 31.Rad1 Rc5 32.Rd5 Qh4 33.d7 Ra8 34.b4 Rxb5 35.cxb5 Rxa4 36.Qxe6  1-0

[Event "12th Sautron Open"]
[Site "Sautron FRA"]
[Date "2012.11.02"]
[Round "8.3"]
[White "Ulibin,M"]
[Black "Karpatchev,A"]
[Result "1/2-1/2"]
[WhiteElo "2529"]
[BlackElo "2458"]

1.Nf3 d5 2.g3 g6 3.Bg2 Bg7 4.d4 c6 5.O-O Nf6 6.Be3 O-O 7.Qc1 Re8 8.Rd1 Bf5
9.c4 Nbd7 10.h3 Nb6 11.Na3 Be4 12.Bf4 dxc4 13.Nxc4 Nxc4 14.Qxc4 Qb6 15.Ne5 Bd5
16.Qc2 Bxg2 17.Kxg2 Nd5 18.Nf3 Nxf4+ 19.gxf4 Rad8 20.e3 Rd5 21.Rac1 Red8
22.Rd3 Rb5 23.b3 Rbd5 24.Rc3 e6 25.Rc4 Qc7 26.b4 a5 27.Rb1 Rb5 28.bxa5 Qxa5
29.Rxb5 Qxb5 30.Rc3 Ra8 31.Rb3 Qa6 32.Rb2 h6 33.Qc1 Ra7 34.Qc5 Bf8 35.Qe5 Qa3
36.Rc2 Qd6 37.Qxd6 Bxd6 38.Nd2 Kf8 39.Kf3 Ke7 40.Nc4 Bc7 41.h4 f5 42.Rb2 Kf6
43.Ne5 Bd6 44.a4 Bc7 45.Rb1 Bxe5 46.fxe5+ Kf7 47.Kf4 Kg7 48.a5 Kf7 49.f3 Ke7
50.e4 Kf7 51.Rb6 Ke7 52.d5 fxe4 53.fxe4 cxd5 54.exd5 g5+  1/2-1/2

[Event "Chigorin Memorial"]
[Site "St Petersburg RUS"]
[Date "2012.11.02"]
[Round "7.10"]
[White "Savchenko,B"]
[Black "Khairullin,I"]
[Result "1/2-1/2"]
[WhiteElo "2540"]
[BlackElo "2639"]

1.Nf3 d5 2.g3 c6 3.Bg2 Bg4 4.O-O Nd7 5.d4 Ngf6 6.Nbd2 h6 7.b3 e6 8.Bb2 Bd6
9.c4 O-O 10.Ne5 Bf5 11.Nxd7 Qxd7 12.f3 Bg6 13.e4 dxe4 14.Nxe4 Be7 15.Qe2 Rad8
16.Bc3 Qc7 17.Rfd1 Bh5 18.Nc5 e5 19.b4 exd4 20.Bxd4 Rfe8 21.Qb2 Bg6 22.a3 Nh5
23.Nb3 Bf6 24.Bxf6 Nxf6 25.Qf2 a6 26.Nc5 Nd7 27.Nxd7 Rxd7 28.Rxd7 Qxd7 29.Bf1 Bf5
30.c5 Bh3 31.Bxh3 Qxh3 32.Re1 Qd7 33.Rxe8+ Qxe8 34.Qd2 Qe6 35.Qd3 h5 36.h4 g6
37.Kf2 Qa2+ 38.Ke3 Qe6+ 39.Qe4 Qb3+ 40.Qd3 Qe6+ 41.Qe4  1/2-1/2

[Event "16th OIBM 2012"]
[Site "Bad Wiessee GER"]
[Date "2012.11.03"]
[Round "8.11"]
[White "Prusikin,M"]
[Black "Lampert,J"]
[Result "1-0"]
[WhiteElo "2545"]
[BlackElo "2299"]

1.Nf3 d5 2.g3 Nc6 3.d4 Bg4 4.Bg2 Qd7 5.c4 e6 6.O-O dxc4 7.Qa4 Ne5 8.Qxd7+ Nxd7
9.Nbd2 O-O-O 10.Nxc4 Bh5 11.Bd2 Nb6 12.Na5 c6 13.e3 Bd6 14.Rfc1 Nf6 15.Be1 Kb8
16.h3 Rhe8 17.Ne5 Rc8 18.Nd3 Nbd7 19.b4 Be2 20.Nc5 Nxc5 21.bxc5 Bc7 22.Nxc6+ Ka8
23.Nb4 e5 24.Rab1 e4 25.Rb2 Bf3 26.Rcb1 h5 27.Nc2 Rb8 28.Na3 Nd5 29.Bf1 h4
30.Bc4 Nf6 31.Nb5 Re7 32.d5 Be5 33.d6 Rd7 34.c6 Bxb2 35.cxd7  1-0

[Event "TCh-CZE Extraliga 2012-13"]
[Site "Czech Republic CZE"]
[Date "2012.11.03"]
[Round "1.7"]
[White "Nedela,V"]
[Black "Haba,P"]
[Result "1/2-1/2"]
[WhiteElo "2299"]
[BlackElo "2463"]

1.Nf3 d5 2.g3 Bg4 3.Bg2 Nd7 4.c4 c6 5.cxd5 cxd5 6.Qa4 Nf6 7.Nc3 Bxf3 8.Bxf3 e6
9.O-O Be7 10.d4 O-O 11.Bf4 Nb6 12.Qb3  1/2-1/2

[Event "TCh-CZE Extraliga 2012-13"]
[Site "Czech Republic CZE"]
[Date "2012.11.03"]
[Round "1.5"]
[White "Mirumian,V"]
[Black "Trichkov,V"]
[Result "0-1"]
[WhiteElo "2511"]
[BlackElo "2320"]

1.Nf3 d5 2.g3 Nf6 3.Bg2 c6 4.O-O Bf5 5.b3 Nbd7 6.Bb2 Qc7 7.c4 e6 8.d3 Bc5
9.Nbd2 O-O 10.Rc1 Rfe8 11.Nh4 Bg4 12.h3 Qxg3 13.Ndf3 Bxf3 14.Nxf3 Qg6 15.e3 Rad8
16.Kh1 Bf8 17.Rg1 Qh6 18.Qe2 g6 19.Rc2 Nh5 20.d4 f5 21.Ne5 Nhf6 22.Nd3 Ne4
23.Bf1 Bd6 24.f4 Qh4 25.Qf3 Ndf6 26.c5 Bc7 27.Bc3 Nxc3 28.Rxc3 Ne4 29.Rc2 Kf7
30.Nf2 Nxf2+ 31.Rxf2 Rg8 32.b4 a6 33.Rfg2 h6 34.a4 g5 35.fxg5 hxg5 36.b5 axb5
37.axb5 Ra8 38.bxc6 bxc6 39.Rb2 g4 40.Qd1 gxh3 41.Bd3 Rxg1+ 42.Qxg1 Qg4 43.Qf1 Kf6
44.Rf2 Ra3 45.Be2 Qg3 46.e4 dxe4 47.d5 cxd5 48.Qc1 Qe3 49.Qb2+ Qc3 50.Qb7 Ra1+
51.Bf1 Qg3 52.Qc8 Qh2+  0-1

[Event "TCh-NED Meesterklasse 2012-13"]
[Site "Netherland NED"]
[Date "2012.11.03"]
[Round "3.4"]
[White "Hausrath,D"]
[Black "Konings,F"]
[Result "1-0"]
[WhiteElo "2490"]
[BlackElo "2283"]

1.Nf3 d5 2.g3 Nf6 3.Bg2 e6 4.d4 Be7 5.c4 O-O 6.Qc2 c6 7.O-O Nbd7 8.Rd1 b6
9.b3 Bb7 10.Nc3 Qc8 11.e4 dxe4 12.Ng5 h6 13.Ngxe4 Nxe4 14.Nxe4 Nf6 15.Bf4 c5
16.dxc5 Nxe4 17.Bxe4 Bxe4 18.Qxe4 Bxc5 19.Rd3 Qa6 20.Be5 f5 21.Qc6 Qc8 22.Qf3 a5
23.Rad1 Ra7 24.Bd6 Rff7 25.Qe2 Rf6 26.Bb8 Qxb8 27.Rd8+ Qxd8 28.Rxd8+ Kh7
29.Re8 Re7 30.Rxe7 Bxe7 31.Qe5 Bc5 32.Kg2 Kg6 33.h4 Kf7 34.h5 f4 35.gxf4 Rf5
36.Qc7+ Kf6 37.Qd8+ Kf7 38.Qd7+ Kf6 39.Qe8 Rxf4 40.Qg6+ Ke5 41.Qxg7+ Ke4
42.f3+ Kd3 43.Qxh6 e5 44.Qg5  1-0

[Event "Chigorin Memorial"]
[Site "St Petersburg RUS"]
[Date "2012.11.03"]
[Round "8.3"]
[White "Lenderman,A"]
[Black "Shirov,A"]
[Result "1-0"]
[WhiteElo "2614"]
[BlackElo "2718"]

1.Nf3 d5 2.g3 Bg4 3.Bg2 Nd7 4.O-O e5 5.d4 e4 6.Ne5 Be6 7.c4 c6 8.cxd5 cxd5
9.Nc3 Bd6 10.Nxd7 Qxd7 11.f3 f5 12.fxe4 fxe4 13.Qb3 Ne7 14.Bg5 Nc6 15.Nb5 Bb8
16.Qa3 a6 17.Rf2 h6 18.Raf1 Ne7 19.Bxe7 Qxe7 20.Qa5 Qd7 21.Nc3 Bc7 22.Qb4 Bd6
23.Qb3 Be7 24.e3 Rc8 25.Qd1 h5 26.Na4 Qb5 27.Rc2 Rxc2 28.Qxc2 h4 29.gxh4 Rxh4
30.b3 Qd7 31.Qf2 Qc7 32.Qg3 Qxg3 33.hxg3 Rh6 34.Nc5 Bc8 35.Rc1 Kd8 36.Na4 Bd6
37.Rxc8+ Kxc8 38.Nb6+ Kd8 39.Nxd5 Bxg3 40.Bxe4 Bd6 41.Bg2 Ba3 42.Nf4 g5 43.Nd3 Rh7
44.e4 a5 45.d5 Rc7 46.e5 Rc2 47.d6 b5 48.b4 Bxb4 49.Nxb4 axb4 50.e6 g4 51.Be4 Re2
52.Bf5 g3 53.e7+ Ke8 54.Bd3 Re1+ 55.Kg2 Re5 56.Bg6+ Kd7 57.Bf7 Re3 58.Kh3  1-0

[Event "Chigorin Memorial"]
[Site "St Petersburg RUS"]
[Date "2012.11.03"]
[Round "8.22"]
[White "Lintchevski,D"]
[Black "Tilicheev,V"]
[Result "1-0"]
[WhiteElo "2562"]
[BlackElo "2397"]

1.g3 d5 2.Nf3 Nf6 3.Bg2 e6 4.O-O Be7 5.d3 b6 6.e4 dxe4 7.Ng5 Bb7 8.Nd2 h6
9.Ngxe4 Nxe4 10.Nxe4 Nd7 11.Qg4 Kf8 12.Qe2 Nf6 13.Bd2 Nxe4 14.dxe4 Kg8 15.Bc3 Kh7
16.Qh5 Rf8 17.Rfd1 Qc8 18.Rd3 f6 19.Rad1 Qe8 20.Qxe8 Rfxe8 21.e5 Bxg2 22.Kxg2 f5
23.Rd7 Rac8 24.a3 a5 25.a4 Kg8 26.h4 Kf8 27.h5 Red8 28.Kf3 Ke8 29.Rxd8+ Rxd8
30.Rxd8+ Kxd8 31.Ke2 Kd7 32.Kd3 Bc5 33.Be1 Kc6 34.Kc4 Kb7 35.c3 Be7 36.b4 Ka6
37.f3 Bg5 38.Kb3 Be7 39.Bf2 Bg5 40.Be1 Be7 41.Kc4 Bg5 42.b5+ Kb7 43.f4 Be7
44.g4 fxg4 45.Kd3 Kc8 46.Ke4 Kd7 47.f5 Bg5 48.c4 Ke7 49.c5 bxc5 50.fxe6 Kxe6
51.Bxa5 g3 52.Kf3 Bf4 53.Be1 Bxe5 54.a5 c4 55.a6 Bd4 56.Bxg3 c3 57.Ke2 Kd5
58.Kd3 c2 59.Kxc2 Kc4 60.Be5 Bc5 61.b6  1-0

[Event "Chigorin Memorial"]
[Site "St Petersburg RUS"]
[Date "2012.11.03"]
[Round "8.157"]
[White "Schekachikhin,Maksim"]
[Black "Toporkova,S"]
[Result "1-0"]
[WhiteElo "1921"]
[BlackElo "1732"]

1.Nf3 d5 2.g3 e6 3.Bg2 Nf6 4.O-O c5 5.d4 Nc6 6.c4 Bd7 7.cxd5 Nxd5 8.e4 Nb6
9.d5 Nb4 10.a3 Ba4 11.b3 Bb5 12.axb4 Bxf1 13.Bxf1 cxb4 14.Bb5+ Nd7 15.dxe6 Be7
16.exf7+ Kf8 17.Bxd7 Rc8 18.Bf4 h6 19.Qd2 Ra8 20.Ne5 g5 21.Be3 Bf6 22.Ng6+ Kg7
23.Nxh8 Bxa1 24.Bd4+ Bxd4 25.Qxd4+ Kf8 26.Qd6+ Kg7 27.Qg6+ Kf8 28.Qxh6+ Ke7
29.Qe6+ Kf8 30.Ng6+  1-0

[Event "Chigorin Memorial"]
[Site "St Petersburg RUS"]
[Date "2012.11.03"]
[Round "8.150"]
[White "Kondratiev,D"]
[Black "Glazov,A"]
[Result "1-0"]
[WhiteElo "1972"]
[BlackElo "1835"]

1.Nf3 d5 2.g3 Nd7 3.d4 Ngf6 4.Bg2 Ne4 5.O-O Ndf6 6.c4 c6 7.cxd5 cxd5 8.Bf4 e6
9.Na3 Bd6 10.Ne5 Nh5 11.Bxe4 Nxf4 12.Bc2 Nh3+ 13.Kg2 f6 14.Ba4+ Ke7 15.Nd3 e5
16.dxe5 fxe5 17.Qb3 Ng5 18.Rfd1 Bxa3 19.Qxa3+ Qd6 20.Nb4 Bh3+ 21.Kh1 d4 22.f4 a5
23.Nd5+ Ke6 24.Qxd6+ Kxd6 25.Nb6 Ne4 26.Kg1 Rad8 27.Nc4+ Ke6 28.Nxe5 g5 29.Bd7+ Rxd7
30.Nxd7 gxf4 31.Rxd4 Bf5 32.Rc1 fxg3 33.Nc5+ Ke5 34.Ra4 gxh2+ 35.Kxh2 b6
36.Nd3+ Kd5 37.Rf1 Bd7 38.Ra3 Rc8 39.Rd1 Ke6 40.Nf4+ Kf5 41.Rxd7 Kxf4 42.Rf3+ Ke5
43.Re7+  1-0

[Event "TCh-HUN 2012-13"]
[Site "Budapest HUN"]
[Date "2012.11.04"]
[Round "3"]
[White "Emodi,B"]
[Black "Karolyi,T jr"]
[Result "1/2-1/2"]
[WhiteElo "2363"]
[BlackElo "2346"]

1.Nf3 d5 2.g3 g6 3.Bg2 Bg7 4.O-O e5 5.d3 Nc6 6.Nbd2 Nf6 7.c3 a5 8.e4 dxe4
9.Nxe4 Nxe4 10.dxe4 Qxd1 11.Rxd1  1/2-1/2

[Event "TCh-AUT 2012-13"]
[Site "Hohenems AUT"]
[Date "2012.11.04"]
[Round "3.6"]
[White "Zaragatski,I"]
[Black "Vyskocil,N"]
[Result "1-0"]
[WhiteElo "2461"]
[BlackElo "2381"]

1.Nf3 d5 2.g3 g6 3.Bg2 Bg7 4.O-O e5 5.c4 dxc4 6.Qa4+ Nc6 7.Qxc4 h6 8.d3 Nge7
9.Nc3 O-O 10.Bd2 Be6 11.Qa4 Nf5 12.Rac1 Nd6 13.e4 a6 14.Be3 Qd7 15.Rfd1 Rfd8
16.Nd5 Kh7 17.Rc5 Nb5 18.Rdc1 Rac8 19.Qd1 Bxd5 20.Rxd5 Qe6 21.a4 Nbd4 22.Nxd4 exd4
23.Bf4 Rd7 24.Qf1 Ne5 25.Bh3 f5 26.Bxe5 Bxe5 27.f4 Bg7 28.Rxf5 gxf5 29.Bxf5+ Qxf5
30.exf5 c5 31.Qe2 Rc6 32.b3 b5 33.Qe4  1-0

[Event "TCh-HUN 2012-13"]
[Site "Paks HUN"]
[Date "2012.11.04"]
[Round "3"]
[White "Gyorkos,L"]
[Black "Bali,J"]
[Result "1-0"]
[WhiteElo "2381"]
[BlackElo "2260"]

1.Nf3 d5 2.g3 c5 3.Bg2 Nc6 4.d4 cxd4 5.Nxd4 e5 6.Nxc6 bxc6 7.O-O Bc5 8.c4 Ne7
9.Qc2 Bf5 10.e4 Bxe4 11.Bxe4 dxe4 12.Qxe4 f6 13.Nd2 a5 14.Qg4 Kf7 15.Ne4 h5
16.Qf3 Qb6 17.Be3 Bxe3 18.fxe3 Kg8 19.Rad1 Rd8 20.c5 Qb8 21.Nd6 Qxb2 22.Nc4 Qb8
23.Nxa5 h4 24.Nxc6 Nxc6 25.Qxc6 hxg3 26.hxg3 Rxd1 27.Rxd1 Kh7 28.Qe4+ Kh6
29.Rd7 Rh7 30.c6 Qb5 31.Qh4+ Kg6 32.Qg4+ Kh6 33.c7 Qc5 34.c8=Q Qxc8 35.Qh3+  1-0

[Event "Chigorin Memorial"]
[Site "St Petersburg RUS"]
[Date "2012.11.04"]
[Round "9.108"]
[White "Martynov,P2"]
[Black "Zamyshlyaev,A"]
[Result "1-0"]
[WhiteElo "2303"]
[BlackElo "2080"]

1.Nf3 d5 2.g3 c5 3.Bg2 Nf6 4.O-O Nc6 5.d3 g6 6.Nbd2 Bg7 7.e4 O-O 8.c3 dxe4
9.dxe4 Nd7 10.Qe2 Nde5 11.Ne1 g5 12.h3 Kh8 13.Ndf3 g4 14.Nxe5 Nxe5 15.hxg4 Bxg4
16.f3 Be6 17.Qc2 Bc4 18.Rf2 Nd3 19.Nxd3 Bxd3 20.Qd1 c4 21.Be3 f5 22.exf5 Rxf5
23.f4 Qc7 24.Qf3 Rb5 25.Re1 Rf8 26.a4 Rb3 27.Qd5 Rd8 28.Qc5 Rc8 29.Qxa7 b6
30.Qb7 Qxb7 31.Bxb7 Rc7 32.Ba6 Rc6 33.Bc1 Bf6 34.Rh2 Kg7 35.g4 e6 36.Bb5 Rd6
37.g5 Be7 38.Be3 Kf7 39.Bd4 Bf8 40.Rd2 Rxd4 41.cxd4 Bg7 42.Re5 Bxe5 43.fxe5 Kg6
44.d5 exd5 45.e6 c3 46.Bxd3+  1-0

[Event "4NCL 2012-13"]
[Site "Sunningdale ENG"]
[Date "2012.11.04"]
[Round "2.128"]
[White "Lauterbach,I"]
[Black "Steil Antoni,F"]
[Result "1/2-1/2"]
[WhiteElo "2143"]
[BlackElo "2169"]

1.Nf3 d5 2.g3 Nf6 3.Bg2 b5 4.d4 Bb7 5.O-O e6 6.b3 Be7 7.Ne5 Nbd7 8.Nxd7 Qxd7
9.c4 c5 10.cxb5 Qxb5 11.dxc5 Bxc5 12.Nc3 Qd7 13.Na4 Be7 14.Be3 Qb5 15.Rc1 Nd7
16.Rc2 O-O 17.Nc3 Qa6 18.a4 Rfc8 19.Nb5 Rxc2 20.Qxc2 Rc8 21.Qb2 Bc5 22.Bxc5 Rxc5
23.e3 Qb6 24.b4 Rc4 25.Rc1 a6 26.Rxc4 dxc4 27.Qd4 Qxd4 28.Nxd4 Bxg2 29.Kxg2 Kf8
30.Kf3 Ke7 31.Ke2 Kd6 32.a5 Ne5 33.h3 Nd3 34.b5 axb5 35.Nxb5+ Kc6 36.Na3 Nb2
37.Kd2 Kc5 38.Kc2 Na4 39.a6 Kb6 40.Nxc4+ Kxa6 41.Nd6 Nc5 42.Kc3 f6 43.Kc4 Kb6
44.Ne8 Ne4 45.Nxg7 Nxf2 46.Nxe6 Nxh3 47.Nf8 Ng5 48.Nd7+ Kc6 49.Nxf6 Kd6 50.Kd4 Ke6
51.Ne4 Nf3+ 52.Kd3 Kf5 53.Nf2 h5 54.e4+ Kg5 55.Ke3 Ne5 56.Kd4 Nf3+ 57.Ke3 Ne5
58.Nd3 Ng4+ 59.Kf3 Nh2+ 60.Kg2 Ng4 61.Ne1 Ne3+ 62.Kh3 Nf1 63.Nf3+ Kf6 64.Kg2 Ne3+
65.Kf2 Ng4+ 66.Ke2 Ke6 67.Kd3 Kf6 68.Kd4 Ke6 69.Ng5+ Kf6 70.Nh3 Kg6 71.Kd5 Kf6
72.Kd6 Ne5 73.Kd5 Nf3 74.Kd6 Ne5 75.Kc5 Ng4 76.Kd4 Kg6 77.Nf4+ Kg5 78.Ng2 Nf6
79.e5 Ne8 80.Ne3 h4 81.gxh4+ Kxh4 82.Kd5 Kg5 83.Ke6 Kg6 84.Kd7 Nf6+ 85.Ke7 Ne4
86.Ke6 Kg7 87.Nf5+ Kf8 88.Nd6 Ng5+ 89.Kf6 Nh7+ 90.Kf5 Ke7 91.Nc8+ Kd8 92.Nb6 Nf8
93.Kf6 Nh7+ 94.Kf5 Nf8 95.Nd5  1/2-1/2

[Event "Subzonal 2.3 2012"]
[Site "Pamplona COL"]
[Date "2012.11.05"]
[Round "1.25"]
[White "Ruge,E"]
[Black "Padilla,Ivo"]
[Result "1-0"]
[WhiteElo "2227"]
[BlackElo "1906"]

1.Nf3 d5 2.g3 Nf6 3.Bg2 c6 4.O-O e6 5.d3 Be7 6.Nbd2 O-O 7.e4 c5 8.e5 Nfd7
9.Re1 Nc6 10.c3 Qb6 11.Nf1 Qc7 12.Bf4 b5 13.h4 Bb7 14.N1h2 d4 15.Ng5 h6 16.Qh5 Nd8
17.Ne4 Re8 18.Ng4 Bf8 19.Bxh6 Rb8 20.Bf4 Nc6 21.Ng5  1-0

[Event "Subzonal 2.3 2012"]
[Site "Pamplona COL"]
[Date "2012.11.06"]
[Round "3.8"]
[White "Castaneda,Jorge Luis"]
[Black "Uribe,M"]
[Result "1/2-1/2"]
[WhiteElo "2182"]
[BlackElo "2354"]

1.g3 d5 2.Nf3 Nf6 3.Bg2 c5 4.O-O Nc6 5.d3 e5 6.e4 d4 7.a4 Be7 8.Na3 Be6 9.Ng5 Bg4
10.f3 Bh5 11.Bd2 O-O 12.Qe1 Ne8 13.Nh3 Nd6 14.f4 f6 15.Nf2 a6 16.a5 Bf7 17.b3 Nb4
18.Bxb4 cxb4 19.Nc4 exf4 20.gxf4 Nb5 21.Nb6 Rb8 22.Bh3 Qc7 23.Qd2 Rbd8 24.Nc4 Nc3
25.Nd1 Bc5 26.Ndb2 Kh8 27.Kh1 Rfe8 28.Rae1 Bf8 29.Bg2 g6 30.Qf2 Bg7 31.Qh4 Qc5
32.Qg3 Re7 33.Bf3 Rde8 34.Qg2 Bh6 35.Qg3 Bg7 36.Bg2 Rd7 37.Qf2 Bg8 38.Nb6 Rde7
39.N6c4  1/2-1/2